|
|
|
|
| LEADER |
00856cam a2200229 7i4500 |
| 001 |
0000027700 |
| 005 |
20200518090000.0 |
| 008 |
090616 eng |
| 020 |
|
|
|a 9781405158589 (hbk.)
|
| 020 |
|
|
|a 9781405158589
|
| 090 |
0 |
0 |
|a RC804.E6
|b A35 2008
|
| 245 |
0 |
0 |
|a Advanced digestive endoscopy :
|b practice and safety
|c edited by Peter B. Cotton.
|
| 260 |
|
|
|a Malden, Mass.:
|b Blackwell Pub.,
|c 2008.
|
| 300 |
|
|
|a vi, 378 p.:
|b col. ill.;
|c 25 cm.
|
| 490 |
0 |
|
|a Advanced digestive endoscopy : practice and safety
|
| 504 |
|
|
|a Includes bibliographical references and index
|
| 650 |
0 |
0 |
|a Endoscopy, Digestive System --
|x standards
|
| 650 |
0 |
0 |
|a Digestive System Disease --
|x Diagnosis
|
| 650 |
0 |
0 |
|a Endoscopy
|
| 700 |
1 |
|
|a Cotton, Peter B.
|
| 997 |
|
|
|a Health Sciences, Faculty
|
| 999 |
|
|
|a 0000039167
|b BOK
|c OPEN SHELF
|e 1st Floor, Shah Alam
|